000 00534nam a2200229 a 4500
001 nice12345678
003 IN_TiNIC
005 20260116011401.0
008 050524s1909 dela grp 000 0 ara
020 _a
_c150
082 0 0 _a297.14
_bABD2
100 _aAbdul Hai, Mohammad
245 _aSharah Waqaya
260 _aDelhi
_bMatba Mujtaba
_c1909
300 _a00
500 _aincludes index and biblioraphy
650 _aIslam-Fiqh
700 1 _aAbdul Hai, Mohammad
902 _bSRS
942 _cBK
999 _c1059
_d1059